000 00301nam a2200133 i 4500
001 bg
100 1 _aTARJAH, Imre
245 0 _aFizyka dla przyrodników /
_cImre Tarjah.
260 _aWarszawa,
_c1975.
040 _cBPK
041 _apol
942 _cKS
008 s pl f |000 0 pol
999 _c16451
_d16451
856 _uhttp://koha.tu.koszalin.pl/cgi-bin/koha/opac-detail.pl?biblionumber=16451
_yKatalog online BPK